m.A.A.d city - Kendrick Lamar feat. MC Eiht (Full lyrics) - Statistics

General Stats
  • This quiz has been taken 36 times
  • The average score is 730 of 1050
Answer Stats
Lyrics % Correct
****
100%
a
100%
A
100%
all
100%
along
100%
an
100%
and
100%
And
100%
Aw
100%
"Ayy,
100%
city
100%
Crips
100%
do
100%
down
100%
down,
100%
Down
100%
end
100%
ever
100%
Every
100%
every
100%
G-
100%
g-
100%
go
100%
Go
100%
got
100%
he
100%
hear,
100%
huh,
100%
I
100%
If
100%
if
100%
I'm
100%
in
100%
In
100%
L
100%
m.A.A.d
100%
​m.A.A.d.
100%
my
100%
My
100%
of
100%
Of
100%
probably
100%
Probably
100%
run,
100%
so
100%
So,
100%
song
100%
street,
100%
street
100%
the
100%
The
100%
this
100%
This
100%
time
100%
Uh,
100%
yo'
100%
you
100%
You
100%
by
95%
Fuck
95%
fuck
95%
gun
95%
like
95%
Man
95%
man,
95%
me
95%
me,
95%
me?
95%
nigga?
95%
nigga
95%
They
95%
they
95%
where
95%
Where
95%
who
95%
whole
95%
"Yawk,
95%
yawk,
95%
yawk"
95%
your
95%
against
90%
from,
90%
from
90%
grandma
90%
see
90%
stay,
90%
They'd
90%
At
85%
at
85%
be
85%
is
85%
know,
85%
know
85%
lane
85%
memory
85%
no
85%
yourself,
85%
yourself
85%
ain't
80%
Ain't
80%
cocaine
80%
Cocaine
80%
cocaine,
80%
It
80%
it
80%
not
80%
Not
80%
on
80%
or
80%
out
80%
Out
80%
Pirus
80%
say
80%
Seem
80%
take
80%
trip
80%
Trip,
80%
up?
80%
up,
80%
up
80%
what
80%
what?
80%
Brace
75%
but
75%
But
75%
But,
75%
day,
75%
different
75%
eat?
75%
I'll
75%
Kill
75%
lookin'
75%
major
75%
pain
75%
recorder
75%
same
75%
shit
75%
Shit,
75%
since
75%
tape
75%
that
75%
That
75%
to
75%
To
75%
was
75%
With
75%
with
75%
back
70%
blown
70%
brain
70%
brains
70%
crack
70%
did
70%
first
70%
get
70%
head
70%
head,
70%
hell
70%
him
70%
how
70%
Joey
70%
killed
70%
light-
70%
light
70%
nine,
70%
nine
70%
Now
70%
now
70%
one
70%
One
70%
Pack
70%
punk?
70%
punk-
70%
sayin'
70%
skinned
70%
we
70%
when
70%
When
70%
Bodies
65%
bodies,
65%
body
65%
broke
65%
de-
65%
drill
65%
eatin'
65%
for
65%
fuckin'
65%
his
65%
loose
65%
lunch
65%
peace
65%
then
65%
top
65%
treaty,
65%
'94,
60%
AR's,
60%
'cause
60%
'cause,
60%
check
60%
collect
60%
cousin
60%
dead
60%
door,
60%
drive-
60%
drive
60%
duck"
60%
four
60%
free
60%
hang
60%
hop
60%
mama
60%
news
60%
noose
60%
packed
60%
rap
60%
Seen
60%
seen
60%
sliding
60%
thang
60%
That's
60%
that's
60%
why
60%
AK's,
55%
ass
55%
bein'
55%
belly
55%
can
55%
Cognac
55%
Compton
55%
Compton,
55%
correct
55%
crime
55%
dick
55%
die
55%
Fresh
55%
grad'
55%
guns
55%
high
55%
nothin'
55%
Obviously
55%
our
55%
said
55%
school
55%
sergeant,
55%
shootin'
55%
Suck
55%
taxes,
55%
trolley,
55%
truce
55%
walkin'
55%
Warriors
55%
wind
55%
y'all,
55%
adapt
50%
believe
50%
burger
50%
chopper
50%
color's
50%
colors
50%
coroner
50%
crawl
50%
cul-
50%
doctor
50%
'em
50%
except
50%
fine,
50%
goddamn,
50%
governor
50%
IVs
50%
IV's
50%
Kendrick
50%
livin'
50%
make
50%
Make
50%
Pickin'
50%
pickin'
50%
punch
50%
real
50%
real,
50%
sac
50%
seat,
50%
seat?
50%
sixteen,
50%
sleep
50%
slingin'
50%
sucker
50%
sure
50%
threat
50%
told
50%
ugly,
50%
window,
50%
would
50%
Would
50%
yeah,
50%
yeah
50%
'80s,
45%
approve
45%
been
45%
between
45%
bullets
45%
Conans,
45%
Corn,
45%
driver
45%
euphoria
45%
guess
45%
hand
45%
have
45%
Hood
45%
hood,
45%
hood
45%
move
45%
off
45%
outta
45%
plenty
45%
porch
45%
pre-
45%
sheets
45%
slow
45%
society,
45%
some
45%
stand
45%
TEC
45%
they'll
45%
Wake
45%
wavin'
45%
weed
45%
block
40%
Block
40%
Boog,
40%
buy
40%
car
40%
comin'
40%
dance
40%
dial,
40%
doin'
40%
dreams
40%
happens,
40%
hope
40%
lawyer
40%
Let
40%
Lucky
40%
movin'
40%
niggas
40%
Niggas
40%
Pakistan
40%
pump,
40%
Rosecrans
40%
Rosecrans,
40%
smoke
40%
stress
40%
tragic
40%
van
40%
wall
40%
weighin'
40%
YG
40%
bys
35%
couple
35%
Couple
35%
crash
35%
ended
35%
fact,
35%
foamin'
35%
had
35%
Hit
35%
hit
35%
innocent
35%
it's
35%
just
35%
Laters
35%
leavin'
35%
life
35%
mixin'
35%
mother
35%
mouth
35%
ride
35%
Security
35%
speed
35%
still
35%
teach
35%
third
35%
thought
35%
traffic
35%
USA
35%
white
35%
about
30%
Angel
30%
backwards
30%
basketball
30%
believed
30%
BGs
30%
bitch
30%
blunt
30%
callin'
30%
Children
30%
"Compton's
30%
cool
30%
dashed
30%
fired
30%
foot
30%
friends
30%
grab
30%
great
30%
guard
30%
hopped
30%
Human
30%
intelligence
30%
Isleys
30%
job,
30%
jump
30%
made
30%
Made
30%
mama's
30%
month
30%
needed
30%
next
30%
pops
30%
room
30%
rough,
30%
Sacrifice"
30%
Saturday
30%
Sleepin'
30%
spray-
30%
suckers
30%
suggest
30%
took
30%
two
30%
a.k.a.
25%
bang
25%
boy
25%
Dust,
25%
everybody
25%
follow
25%
gang
25%
generation
25%
grew
25%
hold
25%
hostage
25%
Imagine
25%
inside
25%
Instead
25%
laced
25%
lately,
25%
lie,
25%
loc
25%
loc,
25%
marijuana
25%
never
25%
pad
25%
Pass
25%
piecin'
25%
Projects
25%
projects
25%
ran
25%
Reality
25%
regulators
25%
relief?
25%
rep
25%
robbery,
25%
rules
25%
safe
25%
signs
25%
skeletons,
25%
stage
25%
straight
25%
turn
25%
under,
25%
watch
25%
wonder
25%
Yan
25%
Yan,
25%
you're
25%
brave
20%
clocked
20%
crowd,
20%
drinkin'
20%
enemy,
20%
even
20%
gossip
20%
grip,
20%
hearts
20%
inspired
20%
left,
20%
lessons
20%
live
20%
mothafucka
20%
Mount
20%
outcome,
20%
pistol
20%
pole,
20%
price
20%
Shots
20%
slide
20%
struck,
20%
their
20%
tweakin',
20%
whip
20%
bleedin'
15%
boulevard
15%
Cluck
15%
coward,
15%
crave
15%
finna
15%
heads
15%
maybe
15%
plain
15%
promise
15%
rarely
15%
simple
15%
strap
15%
ten
15%
thrown
15%
time's
15%
tithes
15%
tore
15%
aim
10%
Alondra,
10%
arrive
10%
bird
10%
Bullis,
10%
butt-
10%
concept
10%
Constantly
10%
corporate,
10%
Crew
10%
crooked
10%
Deal
10%
deposit,
10%
Dip,
10%
drown
10%
eye
10%
flame
10%
flip
10%
grand's
10%
Listen,
10%
mentioned
10%
nakeds
10%
option
10%
powder,
10%
reasons,
10%
Sherm
10%
sticks,
10%
toxins
10%
weekend
10%
allegiance
5%
Perceive
5%
slay,
5%
still'll
5%
vandalizin'
5%
No matching quizzes found
Score Distribution
Percent of People with Each Score
Percentile by Number Answered
Your Score History
You have not taken this quiz